000 00764nam a2200253Ia 4500
003 OSt
005 20220926013003.0
006 a|||||r|||| 00| 0
007 ta
008 220923b |||||||| |||| 00| 0 eng d
037 _cGeneral Book
040 _aRTL
_cRTL
_beng
041 _2eng
_aeng
082 _aX.30m73.M3, A
100 _aWakefield Edward Gibbon
_9317664
245 0 _aEngland and America
_b A comparison of the social an
260 _aNew York
_bHarper
_c1834
300 _a376p
_ccm.
490 _aReprints of Economic Classics
500 _aAppendixes: P 333-376
650 _aGreat Britain Economic Conditions
_9237853
942 _hX.30m73.M3, A
_cGB
_2CC
999 _c624842
_d624842